|
|
|
|
| LEADER |
00000nam0a2200000 4500 |
| 001 |
113064 |
| 005 |
20231031121716.0 |
| 035 |
|
|
|a (RuTPU)RU\TPU\book\122288
|
| 090 |
|
|
|a 113064
|
| 100 |
|
|
|a 20070405d1985 km y0rusy50 ca
|
| 101 |
0 |
|
|a rus
|
| 102 |
|
|
|a RU
|
| 105 |
|
|
|a a z 001zy
|
| 200 |
1 |
|
|a Взрывные кольцевые структуры щитов и платформ
|f В. И. Ваганов [и др.]
|
| 210 |
|
|
|a Москва
|c Недра
|d 1985
|
| 215 |
|
|
|a 200 с.
|c ил.
|
| 320 |
|
|
|a Библиогр.: с. 196-198.
|
| 610 |
1 |
|
|a кольцевые структуры
|
| 610 |
1 |
|
|a щиты
|
| 610 |
1 |
|
|a платформы
|
| 610 |
1 |
|
|a геология
|
| 675 |
|
|
|a 551.243.13
|v 3
|
| 701 |
|
1 |
|a Ваганов
|b В. И.
|g Валерий Иванович
|
| 701 |
|
1 |
|a Иванкин
|b П. Ф.
|
| 701 |
|
1 |
|a Кропоткин
|b П. Н.
|
| 701 |
|
1 |
|a Трухалев
|b А. И.
|
| 801 |
|
1 |
|a RU
|b 63413507
|c 20070405
|g PSBO
|
| 801 |
|
2 |
|a RU
|b 63413507
|c 20150220
|g PSBO
|
| 942 |
|
|
|c BK
|